00517nam a2200145 i 4500001000300000245006900003260006400072300003700136650002700173040000800200041000700208080001700215008004100232856009800273bg 0aProcedury w systemie zamówień publicznych /cPiotr T. Kubik. aGdańsk :bOśrodek Doradztwa i Doskonalenia Kadr,c1998. aSkoroszyt 241, [56] s. ;c33 cm. 9aZamówienia publiczne cBPK apl a351.712(438) s pl f |000 0 pol  uhttp://koha.tu.koszalin.pl/cgi-bin/koha/opac-detail.pl?biblionumber=24195yKatalog online BPK